Current problems of intellectual property in the conditions of the Slovak Republic

Ekonomické aspekty ochrany práv duševného vlastníctva (prípadová štúdia SR).

Guardado en:
Detalles Bibliográficos
Autor principal: Vongrej, Marián
Formato: Capítulo de libro
Lenguaje:inglés
Materias:
Etiquetas: Agregar Etiqueta
Sin Etiquetas, Sea el primero en etiquetar este registro!

MARC

LEADER 00000naa$a2200000$$$4500
001 0229894
005 20240502083618.8
041 0 |a eng 
044 |a UA 
245 1 0 |a Current problems of intellectual property in the conditions of the Slovak Republic  |c Marián Vongrej 
520 |a Ekonomické aspekty ochrany práv duševného vlastníctva (prípadová štúdia SR). 
610 2 0 |a vlastníctvo duševné 
610 2 0 |a transfer technológie 
610 2 0 |a vlastníctvo priemyselné 
610 2 0 |a ochrana práv priemyselných 
610 2 0 |a úrady patentové 
610 2 0 |a Slovensko 
100 1 |a Vongrej, Marián